00254nam a2200109Ia 4500003000400000008004100004082001300045100002800058245002900086260002000115300000900135OSt201107b ||||| |||| 00| 0 eng d a 006.33  aWiNSTON, Patrick Henry. aArtificial Intelligence  b Pearson c2007 a737.